01310cam a22003615i 450000100090000000300050000900500170001400800410003101000170007202000180008902500230010703700530013004000230018304200100020604300120021605000240022808200180025210000270027024500850029725000170038226401170039930000270051633600260054333700280056933800270059750400670062465000210069165000310071265000260074365100530076971000610082271000650088319494441NUST20171211100948.0170214s2016 pk b 001 0 eng  a 2017336074 a9789697576050 aP-E-2017336074; 33 bLibrary of Congress -- Islamabad Overseas Office aDLCbengcDLCerda alcode aa-pk---00aBP173.6bA495 2016+ a297.1977bAMI1 aAmin, Husnul,eauthor.10aPost-Islamism :bPakistan in the era of neoliberal globalization /cHusnul Amin. aIst edition. 1aIslamabad :bIqbal International Institute for Research and Dialogue :bInternational Islamic University,c2016. axi, 198 pages ;c25 cm atextbtxt2rdacontent aunmediatedbn2rdamedia avolumebnc2rdacarrier aIncludes bibliographical references (pages 161-178) and index. 0aIslam and state. 0aIslam and statezPakistan. 0aSecularismzPakistan. 0aPakistanxPolitics and governmenty21st century.2 aIqbal International Institute for Research and Dialogue.2 aInternational Islamic University (Islāmābād, Pakistan)